MARC details
| 000 -LEADER |
| fixed length control field |
00903nam a2200265#a 4500 |
| 001 - CONTROL NUMBER |
| control field |
01126 |
| 003 - CONTROL NUMBER IDENTIFIER |
| control field |
HDC |
| 007 - PHYSICAL DESCRIPTION FIXED FIELD--GENERAL INFORMATION |
| fixed length control field |
ta |
| 008 - FIXED-LENGTH DATA ELEMENTS--GENERAL INFORMATION |
| fixed length control field |
230623s2009 xx 000 0 eng d |
| 020 ## - INTERNATIONAL STANDARD BOOK NUMBER |
| International Standard Book Number |
1433065754 (pbk.). |
| 040 ## - CATALOGING SOURCE |
| Original cataloging agency |
HDC |
| 050 ## - LIBRARY OF CONGRESS CALL NUMBER |
| Classification number |
HF 1416 |
| Item number |
.G56 2009 |
| 245 #0 - TITLE STATEMENT |
| Title |
Global export-import procedures and contacts handbook : |
| Remainder of title |
Greece, Hong kong, India, Indonesia, Ireland, Italy, Japan, Luxembourg, Malaysia, Mexico, Netherlands, New Zealand, Philippines/ |
| Statement of responsibility, etc. |
Carl A. Nelson |
| 250 ## - EDITION STATEMENT |
| Edition statement |
4th ed. |
| 264 ## - PRODUCTION, PUBLICATION, DISTRIBUTION, MANUFACTURE, AND COPYRIGHT NOTICE |
| Place of production, publication, distribution, manufacture |
Washington : |
| Name of producer, publisher, distributor, manufacturer |
International business Publications |
| Date of production, publication, distribution, manufacture, or copyright notice |
2009 |
| 300 ## - PHYSICAL DESCRIPTION |
| Extent |
230p. ; |
| Dimensions |
28cm |
| 650 ## - SUBJECT ADDED ENTRY--TOPICAL TERM |
| Topical term or geographic name entry element |
Exports |
| Form subdivision |
Handbooks, manuals, etc |
| 650 ## - SUBJECT ADDED ENTRY--TOPICAL TERM |
| Topical term or geographic name entry element |
Imports |
| Form subdivision |
Handbooks, manuals, etc |
| 650 ## - SUBJECT ADDED ENTRY--TOPICAL TERM |
| Topical term or geographic name entry element |
International trade |
| Form subdivision |
Handbooks, manuals, etc |
| 650 ## - SUBJECT ADDED ENTRY--TOPICAL TERM |
| Topical term or geographic name entry element |
Trading companies |
| Form subdivision |
Handbooks, manuals, etc |
| 942 ## - ADDED ENTRY ELEMENTS (KOHA) |
| Source of classification or shelving scheme |
Library of Congress Classification |
| 942 ## - ADDED ENTRY ELEMENTS (KOHA) |
| Koha item type |
Book |
| 942 ## - ADDED ENTRY ELEMENTS (KOHA) |
| Call number prefix |
HF 1416 |
| 942 ## - ADDED ENTRY ELEMENTS (KOHA) |
| Call number suffix |
.G56 2009 |